Храмы Пензенской области. Т. 1 (Запись № 12667244)

Подробности
000 -МАРКЕР
контрольное поле 01244nam2a2200265 4500
001 - ИДЕНТИФИКАТОР ЗАПИСИ
контрольное поле RU\NLR\BIBL_A\012631112
005 - ИДЕНТИФИКАТОР ВЕРСИИ
контрольное поле 20211219131527.0
010 ## - МЕЖДУНАРОДНЫЙ СТАНДАРТНЫЙ НОМЕР КНИГИ (ISBN)
Номер (ISBN) 978-5-901445-14-3
Тираж 1000
021 ## - НОМЕР ГОСУДАРСТВЕННОЙ РЕГИСТРАЦИИ
Код страны российская федерация
Номер КН-П-21-036871
Номер Листа государственной регистраци КН-П-21-2874
035 ## - ДРУГИЕ СИСТЕМНЫЕ НОМЕРА
Идентификатор записи (NLR Aleph) 012631112
100 ## - ДАННЫЕ ОБЩЕЙ ОБРАБОТКИ
Данные общей обработки 20211026d2017 u y0rusy50 ca
101 0# - ЯЗЫК РЕСУРСА
Язык текста, звукозаписи и т.д. русский
102 ## - СТРАНА ПУБЛИКАЦИИ ИЛИ ПРОИЗВОДСТВА
Страна публикации российская федерация
105 ## - ПОЛЕ КОДИРОВАННЫХ ДАННЫХ: ТЕКСТОВЫЕ МАТЕРИАЛЫ, МОНОГРАФИЧЕСКИЕ
Кодированные данные о монографическом текстовом документе acb|b|||001zy
200 0# - ЗАГЛАВИЕ И СВЕДЕНИЯ ОБ ОТВЕТСТВЕННОСТИ
Основное заглавие Т. 1
210 ## - ПУБЛИКАЦИЯ, РАСПРОСТРАНЕНИЕ И ДР.
Дата издания, распространения и т.д. 2017
215 ## - ФИЗИЧЕСКАЯ ХАРАКТЕРИСТИКА
Специфическое обозначение материала и объем 499, [1] с.
Другие сведения о физической характеристике ил., цв. ил., портр., карты
320 ## - ПРИМЕЧАНИЯ О НАЛИЧИИ В ДОКУМЕНТЕ БИБЛИОГРАФИИ / УКАЗАТЕЛЯ
Текст примечания Библиогр.: с. 469-483
320 ## - ПРИМЕЧАНИЯ О НАЛИЧИИ В ДОКУМЕНТЕ БИБЛИОГРАФИИ / УКАЗАТЕЛЯ
Текст примечания Имен. указ.: с. 484-499
461 #0 - УРОВЕНЬ НАБОРА
Встроенное поле 001RU\NLR\BIBL_A\012631110
-- 2001#$aХрамы Пензенской области$eиллюстрированный каталог$fАлександр Дворжанский$vТ. 1
-- 700#1$aДворжанский$bА. И.$f1950-$gАлександр Игоревич$3RU\NLR\AUTH\7756608
Системный номер (АБИС) связанной записи 12667238
Автор Дворжанский, А. И. (1950-)
Место публикации Пенза
Дата публикации 2017
Первые сведения об ответственности Александр Дворжанский
Имя издателя, распространителя и т.д. [б. и.]
Сведения, относящиеся к заглавию иллюстрированный каталог
Заглавие Храмы Пензенской области
Номер тома Т. 1
942 ## - ДОПОЛНИТЕЛЬНЫЕ ЭЛЕМЕНТЫ ЗАПИСИ (АБИС)
Тип экземпляра АБИС Книга
980 ## - КОЛЛЕКЦИЯ
Название коллекции Национальная библиография
Экземпляры
Тип экземпляра Дата поступления Источник поступления Библиотека постоянного хранения Библиотека текущего хранения Место хранения Шифр хранения Штрих-код Статус не для выдачи
Книга 26.10.2021 Обязательный экземпляр РНБ (Московский) РНБ (Московский) Центральная справочная библиотека С 2021-5/64 1-3509647  
Книга 26.10.2021 Обязательный экземпляр РНБ (Московский) РНБ (Московский) Центральная справочная библиотека С 2021-5/64 1-3509643